000
00211 a2200097 4500
001
5720
100
_a
Key,KA
245
_a
Analogue computing for beginners
260
_a
_b
Chapman& Hall
_c
090
_c
4705
_d
4705
942
_a
NUST-CAE
_c
M
_c
31051
999
_c
240793
_d
240793